000 01743nam a2200445 c 4500
001 53560
003 ES-MaCES
005 20250207040011.0
007 cr |||||||||||
008 250206s2022 sp 000 ||spa d
017 _aNA 1722-2022
_bDL
020 _a9788413918044
020 _a9788413918068 (electrónico)
040 _aES-MaCES
_bspa
_cES-MaCES
100 1 _96971
_aBallester Laguna, Fernando
245 1 0 _aEl derecho a la indemnización fin de contrato temporal
_b: estudio sistemático y unitario en el ámbito de la relación laboral común, las relaciones especiales de trabajo y otros contratos con peculiaridades
_cFernando Ballester Laguna
250 _a1ª ed
260 _aCizur Menor (Navarra)
_bThomson Reuters-Aranzadi
_c2022
300 _a185 p.
_c24 cm
490 1 _aAranzadi Social
_v73
500 _aDisponible en formato electrónico mediante la aplicación PROVIEW / sin código
504 _aBibliografía: p. 179-185
541 _cGratuito
650 4 _aempleo temporal
_929000
650 4 _acontrato de trabajo de duración determinada
_930650
650 4 _aempresa de trabajo temporal
_929837
650 4 _aterminación de la relación de trabajo
_929986
650 4 _aindemnización
_930642
650 4 _arelaciones laborales
_928369
650 4 _aderechos de los trabajadores
_929924
650 4 _aEspaña
_926964
650 4 _aEstatuto de los Trabajadores
_930784
650 4 _aderecho del trabajo
_927165
650 4 _arégimen jurídico
_929894
653 1 0 _aDerecho del trabajo y Seguridad Social
830 0 _940262
_aAranzadi Social
_v73
856 4 _uhttps://miespacio.aranzadilaley.es/Account/Login
_yLegalteca
902 _aLIB Libro
942 _2CES
_cBK
_h6.0.1.
999 _c53560
_d53560